Procesamiento de informacion metereologica sobre la actividad de tormentas electricas.
Na minha lista:
| Autor principal: | |
|---|---|
| Formato: | Livro |
| Publicado em: |
San José, Costa Rica
1986
|
| Assuntos: | |
| Tags: |
Adicionar Tag
Sem tags, seja o primeiro a adicionar uma tag!
|
MARC
| LEADER | 00000nam a2200000Ia 4500 | ||
|---|---|---|---|
| 003 | 004233 | ||
| 005 | 20221231144350.0 | ||
| 008 | 140114s1968 cr a m 000 0 s d | ||
| 040 | |c cru CEDI | ||
| 090 | |a TFG 1962 | ||
| 100 | |a Quiros Silesky, Roberto |9 13930 | ||
| 245 | |a Procesamiento de informacion metereologica sobre la actividad de tormentas electricas. | ||
| 260 | |c 1986 |a San José, Costa Rica | ||
| 300 | |a 29 hojas | ||
| 500 | |a Proyecto de graduación (bachillerato en ingeniería eléctrica)--Universidad de Costa Rica. Facultad de Ingeniería. Escuela de Ingeniería Eléctrica | ||
| 650 | |x TORMENTAS |x PRECIPITACION ATMOSFERICA |9 13931 | ||
| 942 | |c TFG | ||
| 999 | |c 20787 |d 20787 | ||
